01551nab a2200205 i 4500001000400000003000400004005001700008008003900025040000800064041000800072100013100080245010900211260001000320500010700330520062400437700011201061773014801173942001301321999001101334BPPBPK20191005121919.0140703s2002 pl f |000 0 eng cBPK aeng aPatryn, AleksyeAutord1996 - .bPolitechnika Koszalińska - Wydział Elektroniki i Informatyki,cKatedra Podstaw Elektroniki aVirtual practical work on physics for the students of computer sciences /cAleksy Patrin, Walery Suslow. c2002. aDane z Informatora o publikowanych wynikach prac naukowo-badawczych w 2002 roku Wydziału Elektroniki. aThe problem of practical realisation of the simulation laboratory works within base disciplines at the technical university is discussed. The question is considered in a wide context, including features of physics computerisation as an educational discipline, basic directions of educational process computerisation related to physics, the necessity of physics studies for computer-science students, practical work modelling, a virtual physics laboratory, a computer physical experiment as well as such adjacent questions, as the electronic tutorial in physics and computer testing of knowledge in the field of physics. aSUSŁOW, Walery.d2000 - .bPolitechnika Koszalińska - Wydział Elektroniki,cKatedra Podstaw Elektroniki dDresden 2002. -gs. 219-227iW : tProc. of the 5th International Conference on Electronic Packaging Education and Training, March 20th-21st. - cART2UKD c58d58